Paadam onnu(പാഠം ഒന്ന്) (Record no. 116160)

MARC details
000 -LEADER
fixed length control field 00433 a2200157 4500
005 - DATE AND TIME OF LATEST TRANSACTION
control field 20260429152909.0
008 - FIXED-LENGTH DATA ELEMENTS--GENERAL INFORMATION
fixed length control field 260429b |||||||| |||| 00| 0 eng d
020 ## - INTERNATIONAL STANDARD BOOK NUMBER
International Standard Book Number 9789385992209
080 ## - UNIVERSAL DECIMAL CLASSIFICATION NUMBER
Universal Decimal Classification number 89M-4
Item number SUR/P
100 ## - MAIN ENTRY--PERSONAL NAME
Personal name Suresh, C. Pillai
245 ## - TITLE STATEMENT
Title Paadam onnu(പാഠം ഒന്ന്)
260 ## - PUBLICATION, DISTRIBUTION, ETC. (IMPRINT)
Name of publisher, distributor, etc Indulekha Media Network
Place of publication, distribution, etc Kottayam
Date of publication, distribution, etc 2020
300 ## - PHYSICAL DESCRIPTION
Extent 152p.
653 ## - INDEX TERM--UNCONTROLLED
Uncontrolled term Essays - Malayalam Literature
942 ## - ADDED ENTRY ELEMENTS (KOHA)
item type Books
Holdings
Lost status Source of classification or shelving scheme Not for loan Home library Current library Date acquired Cost, normal purchase price Total Checkouts Full call number Barcode Date last seen Cost, replacement price Price effective from Koha item type Public note
  Universal Decimal Classification Not For Loan University Library University Library 19/03/2026 113.34   89M-4 SUR/P 00098235 19/03/2026 170.00 19/03/2026 Books processing
University Library, CUSAT